| 000 | 00605nam a2200181 i 4500 | ||
|---|---|---|---|
| 001 | 53253 | ||
| 003 | ES-MaACL | ||
| 005 | 20230906162732.0 | ||
| 007 | t| | ||
| 008 | 940202s1875 sp ||||1| spa d | ||
| 040 |
_aAS _bspa |
||
| 100 | 1 |
_aDupuy de Lôme, Enrique. _946143 |
|
| 245 | 1 | 3 |
_aLa seda, su cultivo y producción en el imperio japonés / _cpor Enrique Dupuy de Lome ; (publicado por el Ministerio de Fomento). |
| 260 |
_aMadrid : _b[s.n.], _c1875 ( _fImprenta de T. Fortanet) |
||
| 300 |
_a51 p. ; _c26 cm. |
||
| 650 | 4 |
_aIndustria de la seda- _zJapón. _9164370 |
|
| 852 |
_aES-MaACL _jT-666-F-8 |
||
| 999 |
_c53253 _d53253 |
||